El discurso autobiográfico en Juan Francisco Manzano y Jacinto Ventura de Molina. Diálogos entre las Antillas y el Río de la Plata

Salvato in:
Dettagli Bibliografici
Autore principale: Gortázar, Alejandro
Natura: Sconosciuto
Pubblicazione: Roma, Italia: Universita Cattolica del Sacro Cuore,
Tags: Aggiungi Tag
Nessun Tag, puoi essere il primo ad aggiungerne!!

MARC

LEADER 000000000a22000000004500
001 001629
022 |a 20351496 
041 0 |a Español 
092 0 |a Centroamericana 
100 1 |a Gortázar, Alejandro 
245 1 3 |a El discurso autobiográfico en Juan Francisco Manzano y Jacinto Ventura de Molina. Diálogos entre las Antillas y el Río de la Plata 
260 |a Roma, Italia:   |b Universita Cattolica del Sacro Cuore, 
310 |a anual 
773 0 |t Centroamericana 
773 0 |g número 21 (2011) 
773 0 |g 1990- 
773 0 |g 31-53 páginas 
999 |c 1920  |d 1920